[Event "Bundesliga 2021-22"]
[Site "Aachen GER"]
[Date "2022.04.10"]
[Round "4.3"]
[Board "5"]
[White "Coenen, Michael"]
[Black "Gustafsson, Jan"]
[Result "0-1"]
[WhiteTitle "FM"]
[BlackTitle "GM"]
[WhiteElo "2326"]
[BlackElo "2643"]
[WhiteTeam "Duesseldorfer SK"]
[BlackTeam "OSG Baden-Baden"]
[WhiteFideId "4697367"]
[BlackFideId "4625498"]
[EventDate "2022.03.05"]

1. e4 e5 2. Nf3 Nc6 3. Bc4 Nf6 4. Ng5 d5 5. exd5 Na5 6. Bb5+ c6 7. dxc6 bxc6 8.
Bd3 Nd5 9. Nf3 Bd6 10. O-O O-O 11. Re1 f5 12. Nxe5 Qf6 13. Nc4 Nxc4 14. Bxc4 Qh4
15. Bxd5+ cxd5 16. g3 Qh3 17. f4 d4 18. Qf3 Rb8 19. Qf1 Qg4 20. Qe2 Qg6 21. d3
Bd7 22. Na3 Rfe8 23. Qf2 Rxe1+ 24. Qxe1 Re8 25. Qf2 Bxa3 26. bxa3 Qh5 27. Qf1
Re2 28. h3 Qe8 0-1

[Event "Bundesliga 2021-22"]
[Site "Aachen GER"]
[Date "2022.04.10"]
[Round "4.3"]
[Board "6"]
[White "Bacrot, Etienne"]
[Black "Harff, Marcel"]
[Result "1-0"]
[WhiteTitle "GM"]
[BlackTitle "FM"]
[WhiteElo "2635"]
[BlackElo "2359"]
[WhiteTeam "OSG Baden-Baden"]
[BlackTeam "Duesseldorfer SK"]
[WhiteFideId "605506"]
[BlackFideId "24621382"]
[EventDate "2022.03.05"]

1. e4 e6 2. d4 d5 3. e5 c5 4. c3 Nc6 5. Nf3 Bd7 6. Be2 Qb6 7. O-O cxd4 8. cxd4
Nh6 9. Bxh6 gxh6 10. Qd2 Bg7 11. Nc3 Ne7 12. Bd3 O-O 13. Rae1 Rfc8 14. h4 Ng6
15. h5 Nf8 16. Nd1 a5 17. a3 Bb5 18. Bxb5 Qxb5 19. Ne3 Rc7 20. Ng4 Nd7 21. Nxh6+
Bxh6 22. Qxh6 Qxb2 23. Ng5 Nf8 24. Qf6 h6 25. Re3 hxg5 26. h6 1-0

[Event "Bundesliga 2021-22"]
[Site "Aachen GER"]
[Date "2022.04.10"]
[Round "4.3"]
[Board "7"]
[White "Hainke, Guntram"]
[Black "Meier, Georg"]
[Result "1/2-1/2"]
[WhiteTitle "FM"]
[BlackTitle "GM"]
[WhiteElo "2302"]
[BlackElo "2631"]
[WhiteTeam "Duesseldorfer SK"]
[BlackTeam "OSG Baden-Baden"]
[WhiteFideId "24619094"]
[BlackFideId "4675789"]
[EventDate "2022.03.05"]

1. d4 e6 2. c4 b6 3. e4 Bb7 4. Bd3 Bb4+ 5. Bd2 Bxd2+ 6. Qxd2 Nh6 7. Ne2 O-O 8.
O-O f5 9. Nbc3 Nc6 10. exf5 Nxf5 11. Bxf5 Rxf5 12. Ng3 Rf7 13. d5 Ne5 14. dxe6
dxe6 15. Qe2 Ng6 16. Rad1 Qg5 17. Nce4 Qe5 18. f3 Nf4 19. Qd2 Raf8 20. b3 g5 21.
Rfe1 h6 22. Nf2 Qg7 23. Ng4 h5 24. Ne5 Re7 25. Qe3 g4 26. Rd4 Qf6 27. Rxf4 Qxf4
28. Qxf4 Rxf4 29. Ng6 Rff7 30. Nxe7+ Rxe7 31. fxg4 hxg4 32. Nf5 Rd7 33. Rxe6 Kf7
34. Re2 Kf6 35. Ne3 Kg5 36. Kf2 Kf4 37. g3+ Kg5 38. Ng2 Bf3 39. Rc2 Kf5 40. Ne3+
Ke4 41. Nf1 Rf7 42. Rd2 Bh1+ 43. Kg1 Bf3 44. Kf2 Bh1+ 45. Kg1 Bf3 1/2-1/2

[Event "Bundesliga 2021-22"]
[Site "Aachen GER"]
[Date "2022.04.10"]
[Round "4.3"]
[Board "8"]
[White "Doettling, Fabian"]
[Black "Rudolph, Eva"]
[Result "1-0"]
[WhiteTitle "GM"]
[WhiteElo "2587"]
[BlackElo "1801"]
[WhiteTeam "OSG Baden-Baden"]
[BlackTeam "Duesseldorfer SK"]
[WhiteFideId "4627253"]
[BlackFideId "16200594"]
[EventDate "2022.03.05"]

1. d4 d5 2. Nf3 Nf6 3. c4 e6 4. Nc3 Bb4 5. Qa4+ Nc6 6. e3 Bd7 7. Qc2 O-O 8. a3
Bxc3+ 9. Qxc3 Ne4 10. Qc2 Kh8 11. Bd3 f5 12. b4 Be8 13. b5 Ne7 14. cxd5 exd5 15.
O-O Rc8 16. a4 Rf6 17. Ne5 c5 18. dxc5 Rxc5 19. Qb2 Qc7 20. Qd4 Ng6 21. Nf3 Nf8
22. Ba3 Ne6 23. Qb2 Rc3 24. Rac1 Rxc1 25. Rxc1 Qd8 26. Nd4 Bd7 27. f3 N4g5 28.
Nxf5 Nc5 29. Bxc5 Bxf5 30. Bxf5 Rxf5 31. Bxa7 Ne6 32. Qc3 Rf8 33. a5 Qd7 34. Qd3
Ra8 35. Bb6 Re8 36. Rd1 d4 37. Bxd4 Rd8 38. Bxg7+ Qxg7 39. Qxd8+ Nxd8 40. Rxd8+
Qg8 41. Rxg8+ Kxg8 1-0

[Event "Bundesliga 2021-22"]
[Site "Aachen GER"]
[Date "2022.04.10"]
[Round "4.4"]
[Board "1"]
[White "Seel, Christian"]
[Black "Keymer, Vincent"]
[Result "0-1"]
[WhiteTitle "IM"]
[BlackTitle "GM"]
[WhiteElo "2486"]
[BlackElo "2655"]
[WhiteTeam "Aachener SV"]
[BlackTeam "Schachfreunde Deizisau"]
[WhiteFideId "4663098"]
[BlackFideId "12940690"]
[EventDate "2022.03.05"]

1. Nf3 d5 2. d4 Nf6 3. c4 e6 4. Nc3 c6 5. Bg5 h6 6. Bxf6 Qxf6 7. Qb3 Nd7 8. e4
dxe4 9. Nxe4 Qf5 10. Bd3 Qa5+ 11. Nc3 e5 12. O-O exd4 13. Rae1+ Be7 14. Nxd4 Nc5
15. Qd1 Qd8 16. Bf5 O-O 17. Bxc8 Rxc8 18. Nf5 Bg5 19. Qf3 Qd3 20. Ne7+ Bxe7 21.
Qxd3 Nxd3 22. Rxe7 Rb8 23. Re2 Rfd8 24. Rd1 Nc5 25. Red2 Rxd2 26. Rxd2 a5 27. b3
Re8 28. Kf1 g6 29. f3 Kg7 30. Kf2 g5 31. Rd4 f5 32. g3 Kf6 33. Rd6+ Re6 34.
Rxe6+ Nxe6 35. Ke3 Ke5 36. Ne2 f4+ 37. gxf4+ gxf4+ 38. Kd3 Ng5 39. Ng1 c5 40. a3
b6 41. Kc3 h5 42. Kd3 Ne6 43. Ne2 Kf5 44. Kd2 Ng5 45. Ng1 Kf6 46. Kc3 Ke6 47.
Kd2 Nf7 48. Ne2 Ke5 49. Nc3 Ng5 50. Ke2 Ne6 51. Na4 Nd4+ 52. Kd3 Nxf3 53. Nxb6
Nxh2 54. Na4 h4 55. Nxc5 Ng4 56. Ke2 h3 57. Kf3 h2 58. Kg2 f3+ 59. Kh1 Kf4 60.
b4 f2 0-1

[Event "Bundesliga 2021-22"]
[Site "Aachen GER"]
[Date "2022.04.10"]
[Round "4.4"]
[Board "2"]
[White "Bluebaum, Matthias"]
[Black "Nagy, Gabor1"]
[Result "1-0"]
[WhiteTitle "GM"]
[BlackTitle "GM"]
[WhiteElo "2642"]
[BlackElo "2507"]
[WhiteTeam "Schachfreunde Deizisau"]
[BlackTeam "Aachener SV"]
[WhiteFideId "24651516"]
[BlackFideId "737119"]
[EventDate "2022.03.05"]

1. d4 d5 2. c4 e6 3. Nc3 Bb4 4. e3 Nf6 5. Nf3 O-O 6. Bd2 b6 7. cxd5 exd5 8. Rc1
a6 9. Bd3 Bb7 10. O-O Bd6 11. Ne5 c5 12. f4 Nc6 13. Ng4 Be7 14. Nxf6+ Bxf6 15.
dxc5 bxc5 16. b3 c4 17. bxc4 Nb4 18. Bb1 d4 19. Na4 a5 20. Nc5 Bc6 21. a3 Na6
22. Nxa6 Rxa6 23. e4 d3 24. e5 Be7 25. Be3 Bxa3 26. Rc3 Bb4 27. Rxd3 Qe7 28. Bf2
a4 29. Qe2 a3 30. Rh3 g6 31. f5 Bc5 32. f6 Bxf2+ 33. Rxf2 Qb4 34. Ba2 Re8 35. c5
Bb5 36. Qe3 Rae6 37. Rf4 Qb2 38. Bxe6 Rxe6 39. Rxh7 Qb1+ 40. Kf2 Qb2+ 41. Kg3
Qxe5 42. Qxe5 Rxe5 43. Rfh4 1-0

[Event "Bundesliga 2021-22"]
[Site "Aachen GER"]
[Date "2022.04.10"]
[Round "4.4"]
[Board "3"]
[White "Koch, Thomas1"]
[Black "Kollars, Dmitrij"]
[Result "0-1"]
[WhiteTitle "IM"]
[BlackTitle "GM"]
[WhiteElo "2458"]
[BlackElo "2635"]
[WhiteTeam "Aachener SV"]
[BlackTeam "Schachfreunde Deizisau"]
[WhiteFideId "4600533"]
[BlackFideId "12909572"]
[EventDate "2022.03.05"]

1. d4 Nf6 2. c4 e6 3. Nf3 d5 4. Nc3 Nbd7 5. Bg5 h6 6. Bh4 Be7 7. e3 c6 8. Bd3
dxc4 9. Bxc4 b5 10. Bd3 Bb7 11. O-O O-O 12. e4 b4 13. Na4 c5 14. e5 Nd5 15. Bxe7
Qxe7 16. Re1 Rfd8 17. Rc1 Rac8 18. Be4 Rc7 19. Nd2 Rdc8 20. Nxc5 Nxc5 21. Rxc5
Rxc5 22. dxc5 Rxc5 23. g3 Nb6 24. Nb3 Rc8 25. Qd4 Rc4 26. Qd3 Bxe4 27. Rxe4 Qc7
28. Rd4 Rxd4 29. Qxd4 Qc2 30. Qxb4 Qxb2 31. Qa5 Qb1+ 32. Kg2 Qe4+ 33. Kf1 Qh1+
34. Ke2 Qxh2 35. Qxa7 Qh5+ 36. Kf1 Qh1+ 37. Ke2 Qe4+ 38. Kf1 Nd5 39. Nc5 Qh1+
40. Ke2 Qb1 41. a4 Nc3+ 42. Kd2 Qb2+ 43. Kd3 Nd1 44. Nd7 Nxf2+ 45. Kc4 Qe2+ 46.
Kb3 h5 47. Qd4 Ng4 48. Kb4 Ne3 49. Ka5 Nd5 50. Nb6 Qe1+ 51. Ka6 Qxg3 52. Nxd5
exd5 53. a5 h4 54. Kb6 h3 55. a6 h2 56. a7 Qb3+ 57. Kc7 Qa2 58. e6 fxe6 59. Qb6
Kh7 0-1

[Event "Bundesliga 2021-22"]
[Site "Aachen GER"]
[Date "2022.04.10"]
[Round "4.4"]
[Board "4"]
[White "Heimann, Andreas"]
[Black "Lemmers, Oscar"]
[Result "1/2-1/2"]
[WhiteTitle "GM"]
[BlackTitle "IM"]
[WhiteElo "2581"]
[BlackElo "2337"]
[WhiteTeam "Schachfreunde Deizisau"]
[BlackTeam "Aachener SV"]
[WhiteFideId "24624632"]
[BlackFideId "1002759"]
[EventDate "2022.03.05"]

1. e4 c5 2. Nf3 e6 3. d4 cxd4 4. Nxd4 a6 5. c4 Nf6 6. Nc3 Bb4 7. Qd3 d6 8. Nc2
Bxc3+ 9. Qxc3 O-O 10. Bd3 d5 11. exd5 exd5 12. O-O dxc4 13. Bxc4 Qc7 14. Qd4 Nc6
15. Qf4 Ne5 16. Ne3 Nh5 17. Qh4 Nxc4 18. Nxc4 Be6 19. b3 Bxc4 20. bxc4 Nf6 21.
Bb2 Qc6 22. Bxf6 1/2-1/2

[Event "Bundesliga 2021-22"]
[Site "Aachen GER"]
[Date "2022.04.10"]
[Round "4.4"]
[Board "5"]
[White "Klein, Felix"]
[Black "Zilka, Stepan"]
[Result "1/2-1/2"]
[WhiteTitle "FM"]
[BlackTitle "GM"]
[WhiteElo "2266"]
[BlackElo "2606"]
[WhiteTeam "Aachener SV"]
[BlackTeam "Schachfreunde Deizisau"]
[WhiteFideId "24600458"]
[BlackFideId "315303"]
[EventDate "2022.03.05"]

1. d4 d5 2. c4 e6 3. Nf3 Nf6 4. Nc3 c6 5. e3 Nbd7 6. Qc2 Bd6 7. Bd3 O-O 8. O-O
h6 9. b3 b6 10. Bb2 Bb7 11. Rad1 Qe7 12. e4 dxe4 13. Nxe4 Nxe4 14. Bxe4 Nf6 15.
Bd3 Ba3 16. Ba1 Bb4 17. Qe2 Rad8 18. Bb1 Rfe8 19. Ne5 c5 20. Nd3 Ba3 21. dxc5
Bxc5 1/2-1/2

[Event "Bundesliga 2021-22"]
[Site "Aachen GER"]
[Date "2022.04.10"]
[Round "4.4"]
[Board "6"]
[White "Dautov, Rustem"]
[Black "Begnis, Nikolaos"]
[Result "1-0"]
[WhiteTitle "GM"]
[BlackTitle "FM"]
[WhiteElo "2596"]
[BlackElo "2278"]
[WhiteTeam "Schachfreunde Deizisau"]
[BlackTeam "Aachener SV"]
[WhiteFideId "4623606"]
[BlackFideId "4200306"]
[EventDate "2022.03.05"]

1. d4 Nf6 2. Nf3 g6 3. c4 Bg7 4. g3 O-O 5. Bg2 d6 6. Nc3 c5 7. O-O Nc6 8. dxc5
dxc5 9. Bf4 Be6 10. Ne5 Nxe5 11. Bxe5 Nd7 12. Bxg7 Kxg7 13. b3 Qc7 14. f4 Nf6
15. e4 Rad8 16. Qf3 Rd2 17. e5 Ng4 18. Nd5 Qa5 19. Nxe7 Rfd8 20. f5 gxf5 21. Kh1
Rxg2 22. Kxg2 Qd2+ 23. Rf2 Nxf2 24. Qxf2 Qc3 25. Re1 Rd2 26. Re2 Rxe2 27. Qxe2
f4 28. Nd5 Bxd5+ 29. cxd5 f3+ 30. Qxf3 Qxe5 31. Qd3 Qd6 32. a4 Kf8 33. h4 h6 34.
Qf5 b6 35. g4 a6 36. g5 hxg5 37. h5 b5 38. axb5 axb5 39. Qxg5 f6 40. Qh6+ Ke8
41. Qg6+ Kf8 42. Qf5 Kg7 43. Kf3 c4 44. bxc4 bxc4 45. Qg4+ Kf8 46. Qxc4 Qa3+ 47.
Kg4 f5+ 48. Kxf5 Qf3+ 49. Kg5 Qg2+ 50. Kf5 Qf3+ 51. Ke5 Qxh5+ 52. Kd6 Qh6+ 53.
Kc7 Qh7+ 54. Kb6 Qb1+ 55. Qb5 Qg6+ 56. Qc6 Qb1+ 57. Kc7 Qa2 58. d6 Qh2 59. Kc8
Qh8 60. Qc7 Qa1 61. Qc6 Qh8 62. Qf3+ Ke8 63. Qb7 Qc3+ 64. Qc7 Qh3+ 65. d7+ Ke7
66. Qe5+ Kf7 67. Kc7 1-0

[Event "Bundesliga 2021-22"]
[Site "Aachen GER"]
[Date "2022.04.10"]
[Round "4.4"]
[Board "7"]
[White "Meessen, Rudolf"]
[Black "Krasenkow, Michal"]
[Result "1/2-1/2"]
[WhiteTitle "FM"]
[BlackTitle "GM"]
[WhiteElo "2226"]
[BlackElo "2576"]
[WhiteTeam "Aachener SV"]
[BlackTeam "Schachfreunde Deizisau"]
[WhiteFideId "202029"]
[BlackFideId "1113100"]
[EventDate "2022.03.05"]

1. d4 d5 2. Nc3 Nf6 3. Bf4 e6 4. Nb5 Na6 5. e3 c6 6. Nc3 c5 7. Nf3 c4 8. Ne2 Be7
9. c3 O-O 10. Ng3 b5 11. a3 Nc7 12. Be2 Bb7 13. Qc2 Ne4 14. h4 f5 15. h5 a5 16.
Ne5 b4 17. Nxe4 fxe4 18. a4 b3 19. Qd1 Ne8 20. Bg4 Ra6 21. Kd2 Nf6 22. h6 g6 23.
Rh3 Nd7 24. f3 Nxe5 25. Bxe5 Bf6 26. Bxf6 Qxf6 27. f4 g5 28. g3 Kh8 29. Qh1 Bc6
30. Rh5 gxf4 31. gxf4 Rg8 32. Qh3 Bd7 33. Rg5 Rxg5 34. fxg5 Qxg5 35. Rf1 Ra8 36.
Bxe6 Bxe6 37. Qxe6 Qg2+ 38. Ke1 Qxf1+ 39. Kxf1 Rf8+ 40. Kg2 Rg8+ 41. Kf2 Rg2+
42. Kf1 Rg1+ 43. Kxg1 1/2-1/2

[Event "Bundesliga 2021-22"]
[Site "Berlin GER"]
[Date "2022.04.10"]
[Round "4.5"]
[Board "1"]
[White "Sarana, Alexey"]
[Black "Cheparinov, Ivan"]
[Result "1/2-1/2"]
[WhiteTitle "GM"]
[BlackTitle "GM"]
[WhiteElo "2685"]
[BlackElo "2672"]
[WhiteTeam "SF Berlin"]
[BlackTeam "SK Doppelbauer Turm Kiel"]
[WhiteFideId "24133795"]
[BlackFideId "2905540"]
[EventDate "2022.03.05"]

1. d4 d5 2. c4 dxc4 3. Nf3 Nf6 4. e3 e6 5. Bxc4 c5 6. O-O Nc6 7. Nc3 a6 8. a3 b5
9. Ba2 Bb7 10. dxc5 Qxd1 11. Rxd1 Bxc5 12. b4 Be7 13. Bb2 O-O 14. Nd2 Ne5 15.
Rab1 Rfd8 16. h3 Rac8 17. Bb3 Bd6 18. Ne2 Bb8 19. Nd4 Bd5 20. Kf1 h5 1/2-1/2

[Event "Bundesliga 2021-22"]
[Site "Berlin GER"]
[Date "2022.04.10"]
[Round "4.5"]
[Board "2"]
[White "Lupulescu, Constantin"]
[Black "Piorun, Kacper"]
[Result "1/2-1/2"]
[WhiteTitle "GM"]
[BlackTitle "GM"]
[WhiteElo "2622"]
[BlackElo "2640"]
[WhiteTeam "SK Doppelbauer Turm Kiel"]
[BlackTeam "SF Berlin"]
[WhiteFideId "1207822"]
[BlackFideId "1130420"]
[EventDate "2022.03.05"]

1. Nf3 d5 2. e3 Nf6 3. c4 c6 4. d4 g6 5. Be2 Bg7 6. O-O O-O 7. Nc3 a6 8. b3 Bg4
9. h3 Bxf3 10. Bxf3 e6 11. Bb2 Re8 12. Qe2 Nbd7 13. Rfd1 Qb6 14. g3 Rad8 15. Bg2
Qc7 16. Rac1 Qb8 17. Qc2 Rc8 18. Qe2 Rcd8 19. Qc2 Rc8 20. Qe2 Rcd8 1/2-1/2

[Event "Bundesliga 2021-22"]
[Site "Berlin GER"]
[Date "2022.04.10"]
[Round "4.5"]
[Board "3"]
[White "Tomczak, Jacek"]
[Black "Salgado Lopez, Ivan"]
[Result "1/2-1/2"]
[WhiteTitle "GM"]
[BlackTitle "GM"]
[WhiteElo "2584"]
[BlackElo "2611"]
[WhiteTeam "SF Berlin"]
[BlackTeam "SK Doppelbauer Turm Kiel"]
[WhiteFideId "1124668"]
[BlackFideId "2257327"]
[EventDate "2022.03.05"]

1. e4 c5 2. Nf3 d6 3. c3 Nf6 4. Be2 Bg4 5. O-O e6 6. d4 Nxe4 7. d5 Nf6 8. dxe6
Bxe6 9. Ng5 Nc6 10. Nxe6 fxe6 11. Bg5 Qd7 12. Bxf6 gxf6 13. Bh5+ Kd8 14. Na3 d5
15. Qe2 Kc7 16. Rfe1 c4 17. Nb5+ Kb6 18. Nd4 e5 19. Bg4 Qf7 20. Nxc6 bxc6 21. b3
Bc5 22. bxc4 dxc4 23. Qf3 h5 24. Bf5 Rad8 25. Red1 h4 26. h3 Kc7 27. Be4 1/2-1/2

[Event "Bundesliga 2021-22"]
[Site "Berlin GER"]
[Date "2022.04.10"]
[Round "4.5"]
[Board "5"]
[White "Baldauf, Marco"]
[Black "Gavrilescu, David"]
[Result "1/2-1/2"]
[WhiteTitle "GM"]
[BlackTitle "IM"]
[WhiteElo "2522"]
[BlackElo "2512"]
[WhiteTeam "SF Berlin"]
[BlackTeam "SK Doppelbauer Turm Kiel"]
[WhiteFideId "4688210"]
[BlackFideId "1227190"]
[EventDate "2022.03.05"]

1. d4 d5 2. c4 e6 3. Nf3 Nf6 4. Nc3 Nbd7 5. Bg5 c6 6. cxd5 exd5 7. e3 h6 8. Bh4
g5 9. Bg3 Nh5 10. Bd3 Nxg3 11. hxg3 Bg7 12. Qc2 Nb6 13. O-O-O Be6 14. Kb1 Qe7
15. Rc1 O-O-O 16. Na4 Kb8 17. Nc5 Bc8 18. Nd2 Nd7 19. Ndb3 Bf8 20. Na6+ Ka8 21.
Nc7+ Kb8 22. Na6+ Ka8 23. Nc7+ Kb8 24. Na6+ 1/2-1/2

[Event "Bundesliga 2021-22"]
[Site "Berlin GER"]
[Date "2022.04.10"]
[Round "4.5"]
[Board "6"]
[White "Teclaf, Pawel"]
[Black "Jakubowski, Krzysztof"]
[Result "1-0"]
[WhiteTitle "IM"]
[BlackTitle "GM"]
[WhiteElo "2542"]
[BlackElo "2475"]
[WhiteTeam "SK Doppelbauer Turm Kiel"]
[BlackTeam "SF Berlin"]
[WhiteFideId "1185934"]
[BlackFideId "1112848"]
[EventDate "2022.03.05"]

1. e4 e5 2. Nf3 Nc6 3. Bb5 a6 4. Ba4 Nf6 5. d3 d6 6. c4 Bg4 7. Nc3 Be7 8. h3
Bxf3 9. Qxf3 O-O 10. Ne2 Nd7 11. O-O Rb8 12. a3 Nc5 13. Bxc6 bxc6 14. b4 Ne6 15.
Be3 a5 16. Rab1 axb4 17. axb4 Rb7 18. d4 exd4 19. Nxd4 Nxd4 20. Bxd4 Bf6 21. e5
Bxe5 22. Qxc6 Qb8 23. Bxe5 dxe5 24. Qc5 Re8 25. Rfd1 Qc8 26. Rd5 Qe6 27. Rbd1 h6
28. b5 e4 29. Rd8 Rxd8 30. Rxd8+ Kh7 31. Qd5 Qxd5 32. Rxd5 Kg6 33. Re5 c6 34.
bxc6 Rc7 35. Rxe4 Rxc6 36. f3 f5 37. Rd4 Kf6 38. Kf2 g5 39. Ke3 f4+ 40. Ke2 Ke6
41. Kd3 Ra6 42. c5 Ra3+ 43. Kc4 Ra2 44. c6 Rxg2 45. Rd3 Rc2+ 46. Kb5 Ke7 47. Kb6
Rb2+ 48. Ka7 Ra2+ 49. Kb7 Rb2+ 50. Kc8 Rb4 51. c7 Rb1 52. Rd7+ Ke8 53. Rd6 Rb3
54. Re6+ Kf7 55. Kd7 1-0

[Event "Bundesliga 2021-22"]
[Site "Berlin GER"]
[Date "2022.04.10"]
[Round "4.5"]
[Board "7"]
[White "Hess, Max"]
[Black "Parvanyan, Ashot"]
[Result "1-0"]
[WhiteTitle "FM"]
[BlackTitle "IM"]
[WhiteElo "2392"]
[BlackElo "2462"]
[WhiteTeam "SF Berlin"]
[BlackTeam "SK Doppelbauer Turm Kiel"]
[WhiteFideId "24656666"]
[BlackFideId "13307550"]
[EventDate "2022.03.05"]

1. c4 Nf6 2. Nc3 e5 3. Nf3 Nc6 4. e3 Bb4 5. Qc2 O-O 6. Be2 Re8 7. O-O d5 8. cxd5
Nxd5 9. Nxd5 Qxd5 10. Ng5 e4 11. f4 Re7 12. Bc4 Qf5 13. d3 exd3 14. Bxd3 Qc5 15.
Bxh7+ Kf8 16. Qf2 Qd6 17. Bc2 Qh6 18. e4 Ba5 19. Be3 Bb6 20. Rad1 Bg4 21. Rd2
Rae8 22. Bxb6 axb6 23. h3 Bc8 24. e5 f6 25. Qg3 Qh5 26. Nh7+ Kf7 27. Bb3+ Be6
28. f5 1-0

[Event "Bundesliga 2021-22"]
[Site "Berlin GER"]
[Date "2022.04.10"]
[Round "4.5"]
[Board "8"]
[White "Pajeken, Jakob Leon"]
[Black "Lauber, Arnd"]
[Result "1/2-1/2"]
[WhiteTitle "IM"]
[BlackTitle "IM"]
[WhiteElo "2382"]
[BlackElo "2411"]
[WhiteTeam "SK Doppelbauer Turm Kiel"]
[BlackTeam "SF Berlin"]
[WhiteFideId "12942839"]
[BlackFideId "4632630"]
[EventDate "2022.03.05"]

1. d4 Nf6 2. Nf3 e6 3. g3 c5 4. Bg2 cxd4 5. O-O d5 6. Nxd4 e5 7. Nb3 Be6 8. Bg5
Nbd7 9. e4 dxe4 10. Nc3 Be7 11. Nxe4 Nxe4 12. Bxe7 Qxe7 13. Bxe4 Nf6 14. Bg2 O-O
15. Qe2 Bd5 16. Bxd5 Nxd5 17. Rfe1 Rfe8 18. Rad1 Nf6 19. Nd4 Qc5 20. Nb5 e4 21.
Nd6 Re6 22. Qb5 Qc7 23. Qc4 Qxc4 24. Nxc4 Rc8 25. Rd4 b5 26. Ne3 h5 27. c4 bxc4
28. Nxc4 Rb8 29. b3 Rc8 30. h3 a6 31. Red1 g6 32. Kf1 Kg7 33. Ke2 h4 34. g4 Nh7
35. Rd5 Kh6 36. Kf1 Ng5 37. Kg2 Rf6 38. Re5 Rf4 39. Rdd5 Nf3 40. Re7 Ne1+ 41.
Kg1 Nd3 42. Rdd7 Nxf2 43. Kg2 Nd3 44. Rxf7 Ne1+ 45. Kh1 Rxf7 46. Rxf7 Nf3 47.
Rd7 Ng5 48. Kg2 Rc6 49. Rd2 Rf6 50. Ne5 Ne6 51. Kh2 e3 52. Re2 Rf2+ 53. Rxf2
exf2 54. Kg2 Nf4+ 55. Kxf2 Nxh3+ 56. Kf3 Ng5+ 57. Kg2 Ne6 58. Kh3 g5 59. b4 Kg7
60. a4 Kf6 61. Nd3 Ke7 62. b5 axb5 63. axb5 Kd6 64. b6 Kc6 65. Ne5+ Kxb6 66. Nf3
Nf4+ 67. Kh2 Ne6 68. Kh3 Nf4+ 1/2-1/2

[Event "Bundesliga 2021-22"]
[Site "Berlin GER"]
[Date "2022.04.10"]
[Round "4.6"]
[Board "1"]
[White "Stern, Rene"]
[Black "Svane, Rasmus"]
[Result "0-1"]
[WhiteTitle "GM"]
[BlackTitle "GM"]
[WhiteElo "2510"]
[BlackElo "2637"]
[WhiteTeam "SK Koenig Tegel"]
[BlackTeam "Hamburger SK"]
[WhiteFideId "4611799"]
[BlackFideId "4657101"]
[EventDate "2022.03.05"]

1. Nf3 Nf6 2. c4 c5 3. Nc3 Nc6 4. d4 cxd4 5. Nxd4 e6 6. e4 Bb4 7. Nxc6 bxc6 8.
Bd3 e5 9. O-O Bc5 10. Re1 d6 11. Be3 O-O 12. Na4 Bxe3 13. Rxe3 Qe7 14. Qe2 Bg4
15. f3 Be6 16. c5 Rfd8 17. cxd6 Rxd6 18. b3 Rad8 19. g3 Nh5 20. Kh1 Nf4 21. gxf4
exf4 22. e5 Rd4 23. Bxh7+ Kxh7 24. Qc2+ g6 25. Re2 Bf5 26. Qxc6 Rd1+ 27. Re1
Rxa1 28. Rxa1 Qxe5 29. Qc3 Qe2 0-1

[Event "Bundesliga 2021-22"]
[Site "Berlin GER"]
[Date "2022.04.10"]
[Round "4.6"]
[Board "2"]
[White "Papp, Gabor1"]
[Black "Rabiega, Robert"]
[Result "1-0"]
[WhiteTitle "GM"]
[BlackTitle "GM"]
[WhiteElo "2574"]
[BlackElo "2505"]
[WhiteTeam "Hamburger SK"]
[BlackTeam "SK Koenig Tegel"]
[WhiteFideId "718602"]
[BlackFideId "4601475"]
[EventDate "2022.03.05"]

1. Nf3 d5 2. c4 e6 3. d4 Nf6 4. g3 dxc4 5. Bg2 Nc6 6. Qa4 Nd7 7. Qxc4 Nb6 8. Qb5
a6 9. Qd3 e5 10. Nxe5 Nb4 11. Qd1 Qxd4 12. Qxd4 Nc2+ 13. Kd1 Nxd4 14. Be3 Nf5
15. Bxb6 cxb6 16. Nc3 Bc5 17. Nd3 O-O 18. Nxc5 bxc5 19. e3 Rb8 20. Ke2 b6 21.
Rhd1 Bb7 22. Bxb7 Rxb7 23. Rd2 Re8 24. Rad1 Kf8 25. Rd7 Rxd7 26. Rxd7 b5 27. Kf3
c4 28. Nd5 Ne7 29. Nxe7 Rxe7 30. Rd8+ Re8 31. Rxe8+ Kxe8 32. Ke4 1-0

[Event "Bundesliga 2021-22"]
[Site "Berlin GER"]
[Date "2022.04.10"]
[Round "4.6"]
[Board "3"]
[White "Richter, Michael"]
[Black "Engel, Luis"]
[Result "0-1"]
[WhiteTitle "GM"]
[BlackTitle "GM"]
[WhiteElo "2496"]
[BlackElo "2564"]
[WhiteTeam "SK Koenig Tegel"]
[BlackTeam "Hamburger SK"]
[WhiteFideId "4618920"]
[BlackFideId "12961523"]
[EventDate "2022.03.05"]

1. d4 Nf6 2. Nf3 d5 3. e3 c5 4. dxc5 e6 5. a3 a5 6. c4 Bxc5 7. Nc3 O-O 8. cxd5
exd5 9. Be2 Nc6 10. O-O Be6 11. Nb5 Ne4 12. Bd2 Qf6 13. Bc3 Nxc3 14. bxc3 Rac8
15. a4 Rfd8 16. Nfd4 Ne5 17. Rb1 g6 18. f4 Nc6 19. Bd3 Bxd4 20. exd4 Bf5 21.
Bxf5 Qxf5 22. g4 Qd7 23. Qf3 f5 24. gxf5 Qxf5 25. Rb2 Rd7 26. Rg2 Ne7 27. Rg5
Qf6 28. Re5 Qf7 29. Rfe1 Nf5 30. Qe2 Ng7 31. Rf1 Rc6 32. Kh1 h6 33. Qg4 Kh7 34.
h3 Rf6 35. Kh2 Re7 36. Kg2 Re8 37. Qe2 Rf8 38. Re7 Re6 39. Qxe6 Nxe6 40. Rxf7+
Rxf7 41. Kg3 g5 42. f5 Ng7 43. Kg4 Ne8 44. Rb1 Nf6+ 45. Kf3 Ne4 46. Ke3 Re7 47.
Kd3 Nf2+ 48. Kd2 Nxh3 49. Nd6 h5 50. f6 Rd7 51. Rxb7 Rxb7 52. Nxb7 h4 53. Ke3
Nf4 54. Kf3 Nh5 55. f7 Kg7 56. Nd6 h3 57. Kf2 g4 58. Nf5+ Kf8 59. Ne3 g3+ 60.
Kf3 h2 61. Kg2 Nf4+ 62. Kh1 Nd3 0-1